Zum Einsatz privater Grabungsfirmen in der archäologischen Denkmalpflege

Saved in:
Bibliographic Details
Main Author: Planck, Dieter (Author)
Format: Chapter/Article Conference Paper
Language:German
Published: 1994
In: Archäologische Denkmalpflege und Grabungsfirmen
Year: 1994, Pages: 67-69
Online Access: Get full text
Author Notes:Dieter Planck

MARC

LEADER 00000caa a2200000 c 4500
001 1859413331
003 DE-627
005 20250211141635.0
007 tu
008 230913s1994 xx ||||| 00| ||ger c
035 |a (DE-627)1859413331 
035 |a (DE-599)KXP1859413331 
035 |a (OCoLC)1425897097 
040 |a DE-627  |b ger  |c DE-627  |e rda 
041 |a ger 
084 |a 60  |2 sdnb 
100 1 |a Planck, Dieter  |d 1944-2025  |e VerfasserIn  |0 (DE-588)108260062  |0 (DE-627)557770386  |0 (DE-576)162569939  |4 aut 
245 1 0 |a Zum Einsatz privater Grabungsfirmen in der archäologischen Denkmalpflege  |c Dieter Planck 
264 1 |c 1994 
300 |a 3 
336 |a Text  |b txt  |2 rdacontent 
337 |a ohne Hilfsmittel zu benutzen  |b n  |2 rdamedia 
338 |a Band  |b nc  |2 rdacarrier 
773 0 8 |i Enthalten in  |a Verband der Landesarchäologen in der Bundesrepublik Deutschland  |t Archäologische Denkmalpflege und Grabungsfirmen  |d Stuttgart : Gesellschaft für Vor- und Frühgeschichte in Württemberg und Hohenzollern, 1994  |g (1994), Seite 67-69  |h 81 S.  |w (DE-627)152311939  |w (DE-576)043815235  |z 3927714216  |7 nnam 
773 1 8 |g year:1994  |g pages:67-69  |g extent:3  |a Zum Einsatz privater Grabungsfirmen in der archäologischen Denkmalpflege 
951 |a AR 
992 |a 20230913 
993 |a ConferencePaper 
994 |a 1994 
998 |g 108260062  |a Planck, Dieter  |m 108260062:Planck, Dieter  |d 70000  |e 70000PP108260062  |k 0/70000/  |p 1  |x j  |y j 
999 |a KXP-PPN1859413331  |e 4375605650 
BIB |a Y 
JSO |a {"relHost":[{"title":[{"title_sort":"Archäologische Denkmalpflege und Grabungsfirmen","subtitle":"Kolloquium im Rahmen der Jahrestagung 1993 ; Bruchsal, 10.-13. Mai 1993","title":"Archäologische Denkmalpflege und Grabungsfirmen"}],"part":{"extent":"3","text":"(1994), Seite 67-69","year":"1994","pages":"67-69"},"type":{"bibl":"book"},"id":{"eki":["152311939"],"isbn":["3927714216"]},"recId":"152311939","language":["ger"],"physDesc":[{"noteFormat":"23 cm","noteIll":"graph. Darst.","extent":"81 S."}],"disp":"Verband der Landesarchäologen in der Bundesrepublik DeutschlandArchäologische Denkmalpflege und Grabungsfirmen","corporate":[{"display":"Verband der Landesarchäologen in der Bundesrepublik Deutschland","role":"aut"}],"origin":[{"publisher":"Gesellschaft für Vor- und Frühgeschichte in Württemberg und Hohenzollern","dateIssuedDisp":"1994","dateIssuedKey":"1994","publisherPlace":"Stuttgart"}],"name":{"displayForm":["Verband der Landesarchäologen in der Bundesrepublik Deutschland"]}}],"origin":[{"dateIssuedDisp":"1994","dateIssuedKey":"1994"}],"name":{"displayForm":["Dieter Planck"]},"type":{"bibl":"chapter"},"title":[{"title":"Zum Einsatz privater Grabungsfirmen in der archäologischen Denkmalpflege","title_sort":"Zum Einsatz privater Grabungsfirmen in der archäologischen Denkmalpflege"}],"physDesc":[{"extent":"3 S."}],"person":[{"family":"Planck","role":"aut","given":"Dieter","display":"Planck, Dieter"}],"recId":"1859413331","id":{"eki":["1859413331"]},"language":["ger"]} 
SRT |a PLANCKDIETZUMEINSATZ1994